000 00605nam a2200181 i 4500
001 89456
003 ES-MaACL
005 20230906180159.0
007 t|
008 050110s1960 sp ||||1| spa d
100 1 _aLangreo y Contreras, Miguel.
_970073
245 1 0 _aLecciones de Astronomía esférica
_b: teoría y uso del teodolito /
_cpor Miguel Langreo y Contreras ; prólogo de Pedro Arsuaga y Dabán.
250 _a2ª ed.
260 _aMadrid :
_bDossat,
_c1960.
300 _aVIII, 211 p. :
_bil. ;
_c25 cm.
700 1 _aArsuaga y Dabán, Pedro.
_923411
852 _aES-MaACL
_jC-19141
_bR.46857
999 _c89456
_d89456